Statistics for Biggest Persian-Speaking Cities Quiz

Click here to take the quiz!

General Stats

  • This quiz has been taken 280 times
  • The average score is 5 of 8

Answer Stats

PopulationCity% Correct
15.0 milTehran
100%
3.1 milIsfahan
74%
3.1 milMashhad
67%
4.1 milKabul
65%
1.7 milShiraz
63%
1.2 milQom
52%
1.0 milDushanbe
43%
1.3 milAhvaz
26%

Score Distribution

Percentile by Number Answered

Percent of People with Each Score

Your Score History

You have not taken this quiz